Datum a čas kvízu

43 Celkem bodů Celkový počet nahraných bodů na tomto kvízu bez doplňovacích otázek.
1. Pořadí na kvízu Konečné umístění týmu na tomto kvízu.

Zaznamenané odpovědi

# Otázka Odpověď Body Výsledky
1. Které novinářské ocenění si v... Cenu Ferdinanda Peroutky 1
2. Co neobvyklého našli lékaři v... dělostřelecký granát 1
3. Minulý týden byl představen tr... Michael 1
4. Která fiktivní postava z fanta... B) Draco Malfoy 1
5. V pátek byly zahájeny zimní ol... David Pastrňák; Lucie Charvátová 1
6. 17. února 1600 byl na Campo de... Giordano Bruno 1
7. 8. února 1700 se narodil Danie... A) proudění tekutin 1
8. Za kulatý letopočet budeme dne... Brouček 1
9. 16. listopadu 1900 se v Olomou... Eliška Junková 1
10. Od 15. září do 1. října 2000 s... Štěpánka Hilgertová; Sydney 1